Formula E: Top 3 in Driver's Championship - Statistics

General Stats
  • This quiz has been taken 89 times
  • The average score is 20 of 27
Answer Stats
Season Position Driver Nationality % Correct
2015-2016 1st Sébastien Buemi Switzerland
93%
2018-2019 2nd Sébastien Buemi Switzerland
93%
2016-2017 2nd Sébastien Buemi Switzerland
93%
2014-2015 2nd Sébastien Buemi Switzerland
93%
2020-2021 1st Nyck de Vries Netherlands
88%
2021-2022 1st Stoffel Vandoorne Belgium
87%
2019-2020 2nd Stoffel Vandoorne Belgium
87%
2018-2019 1st Jean-Éric Vergne France
85%
2017-2018 1st Jean-Éric Vergne France
85%
2019-2020 3rd Jean-Éric Vergne France
85%
2014-2015 1st Nelson Piquet jr. Brazil
79%
2019-2020 1st António Félix da Costa Portugal
78%
2016-2017 1st Lucas di Grassi Brazil
78%
2017-2018 2nd Lucas di Grassi Brazil
78%
2015-2016 2nd Lucas di Grassi Brazil
78%
2018-2019 3rd Lucas di Grassi Brazil
78%
2014-2015 3rd Lucas di Grassi Brazil
78%
2021-2022 2nd Mitch Evans New Zealand
66%
2022-2023 3rd Mitch Evans New Zealand
66%
2022-2023 2nd Nick Cassidy New Zealand
64%
2022-2023 1st Jake Dennis United Kingdom
58%
2020-2021 3rd Jake Dennis United Kingdom
58%
2017-2018 3rd Sam Bird United Kingdom
57%
2020-2021 2nd Edoardo Mortara Switzerland
55%
2021-2022 3rd Edoardo Mortara Switzerland
55%
2015-2016 3rd Nicolas Prost France
45%
2016-2017 3rd Felix Rosenqvist Sweden
42%
No matching quizzes found
Score Distribution
Percent of People with Each Score
Percentile by Number Answered
Your Score History
You have not taken this quiz